[Event "Athens of East GM-Open 2019"]
[Site "Madurai"]
[Date "2019.08.16"]
[Round "8.15"]
[White "Kunal, M.."]
[Black "Rakesh, Kumar Nayak"]
[Result "1-0"]
[WhiteElo "2306"]
[BlackElo "2042"]
[Annotator "TA"]
[PlyCount "115"]
[EventDate "2019.08.11"]
[EventType "swiss"]
[EventCountry "IND"]
[SourceTitle "playchess.com"]
[Source "ChessBase"]
[SourceQuality "1"]

{[%evp 12,115,-13,-2,43,37,81,89,79,81,137,41,43,30,38,37,37,37,63,57,59,55,60,60,97,105,187,187,177,182,459,435,969,904,681,377,377,378,378,378,515,522,522,522,512,488,492,492,1716,1078,1760,357,1682,1646,1548,1446,29965,29966,29963,29967,29966,29966,29968,29964,29966,29967,29966,29967,29967,29967,29968,29969,29969,29969,29969,29968,29972,29972,29972,29973,29976,29975,29975,29976,29976,29977,29977,29978,29978,29979,29979,29980,29980,29981,29981,29982,29981,29983,29983,29984,29984,29985,29985,29986,29986,29987]} 1. e4 e5 2. Nf3 Nc6 3. Bb5 a6 4. Bxc6 dxc6 5. d4 Bg4 6. dxe5 Qxd1+ 7. Kxd1 Bc5 {C68: Ruy Lopez: Exchange Variation, sidelines} 8. Ke2 Ne7 9. Be3 Bxe3 {White is better.} 10. Kxe3 Ng6 ({Better is} 10... c5) 11. Nbd2 (11. Nfd2 $1 $16) 11... O-O-O $14 12. h3 Bxf3 $146 ({Predecessor:} 12... Bd7 13. Rad1 Rhe8 14. Nb3 Nxe5 15. Nxe5 Rxe5 {½-½ (43) Posfai,Z-Lendvai,E (2070) Hungary 1994}) 13. Nxf3 Rhe8 14. Rad1 Rxd1 15. Rxd1 Nxe5 16. Nxe5 Rxe5 {[%mdl 4096] Endgame KR-KR} 17. f4 Re6 18. e5 g5 (18... h5 $16 {might work better.}) 19. g3 $18 gxf4+ 20. gxf4 Rh6 $2 (20... c5 21. Rg1 Rg6) 21. f5 $1 Rxh3+ (21... Rh4 $142 22. Rg1 Kd7) 22. Kf4 Rh2 23. e6 fxe6 24. fxe6 {Black must now prevent e7.} Re2 25. Kf5 b5 26. Kf6 $1 Rf2+ 27. Kg7 Re2 {[#]} 28. Kf7 $1 Rf2+ {[#]} 29. Ke8 $1 Rxc2 (29... b4 $142 30. e7 Rf6) 30. e7 Rxb2 31. Rd8+ Kb7 32. Kf7 Rf2+ 33. Kg7 Re2 34. e8=Q {White mates.} Rxe8 35. Rxe8 {KR-KP} Kb6 36. Kf6 a5 37. Re2 Kc5 38. Ke5 Kb4 39. Kd4 c5+ 40. Kd3 c4+ 41. Kc2 c6 42. Re3 Kc5 43. Rh3 b4 44. Rh5+ Kb6 45. a4 c3 46. Kb3 Ka6 47. Rxh7 Kb6 48. Rh5 Ka6 49. Kc2 Kb6 50. Kd3 Ka6 51. Rc5 Kb6 52. Kd4 Kc7 53. Rxa5 c2 {[#]} 54. Rc5 $1 b3 55. Kd3 Kb6 56. Rc4 c5 57. Kd2 Kc6 {[#]} 58. Rc3 $1 {Accuracy: White = 77%, Black = 38%.} 1-0

[Event "Athens of East GM-Open 2019"]
[Site "Madurai"]
[Date "2019.08.16"]
[Round "8.16"]
[White "Kiran, Manisha Mohanty"]
[Black "Nayak Rajesh"]
[Result "1/2-1/2"]
[WhiteElo "2054"]
[BlackElo "2250"]
[Annotator "TA"]
[PlyCount "79"]
[EventDate "2019.08.11"]
[EventType "swiss"]
[EventCountry "IND"]
[SourceTitle "playchess.com"]
[Source "ChessBase"]
[SourceQuality "1"]

{[%evp 9,79,5,29,28,39,29,29,0,0,0,0,-7,21,16,31,0,15,0,21,0,15,6,10,0,0,0,0,0,0,0,23,0,0,0,0,0,0,0,0,0,0,0,10,10,11,11,13,10,10,8,8,8,8,7,6,8,8,6,10,8,8,-8,0,0,0,0,0,0,0,0,0,0]} 1. e4 e5 2. Nf3 Nc6 3. Bb5 a6 4. Bxc6 dxc6 5. O-O Qf6 6. d4 {C68: Ruy Lopez: Exchange Variation, sidelines} exd4 7. Bg5 Qd6 8. Qxd4 {White has an edge.} (8. Nxd4 Be7 9. Bxe7 Nxe7 10. Nc3 Bd7 11. Nde2 O-O-O 12. Qc1 Ng6 13. Qe3 Kb8 {0-1 (39) Naiditsch,A (2695)-Svidler,P (2735) Karlsruhe/Baden Baden 2019}) 8... Qxd4 9. Nxd4 Bd7 10. Nc3 Be7 (10... Ne7 {feels hotter.} 11. Rfd1 f6 12. Be3 O-O-O 13. h3 Ng6) 11. Bxe7 Nxe7 12. Rad1 O-O-O 13. f3 $146 ({Predecessor:} 13. f4 Rhe8 {1-0 (41) Feygin,M (2468)-Walter,S (2406) Germany 2017}) 13... h5 14. Rd2 h4 15. Rfd1 Ng6 16. Kf2 Ne5 17. b3 g5 18. h3 Rde8 19. Nf5 Rhg8 20. Nh6 Rg7 {The position is equal.} 21. Ne2 Rh7 22. Nf5 Bxf5 23. exf5 Rh6 $1 24. f4 gxf4 25. Rd4 Rh5 26. Rxf4 Rg8 27. Kg1 Rhg5 28. Rf2 Re8 29. Rd4 Nf3+ 30. Rxf3 {aiming for Nc3.} Rxe2 {[%mdl 64] [#] Double Attack} 31. Rg4 Rxg4 32. hxg4 $11 {[%mdl 4096] Endgame KR-KR} Kd7 33. g5 Ke7 34. Rf4 Rxc2 35. g6 Kf6 36. gxf7 Kxf7 37. Rxh4 Rxa2 38. Rh7+ Kf6 39. Rxc7 Kxf5 40. Rxb7 {Accuracy: White = 68%, Black = 72%.} 1/2-1/2

[Event "Athens of East GM-Open 2019"]
[Site "Madurai"]
[Date "2019.08.16"]
[Round "8.17"]
[White "Samal Ansuman"]
[Black "Prasannaa.s"]
[Result "0-1"]
[WhiteElo "1975"]
[BlackElo "2233"]
[Annotator "RC"]
[PlyCount "56"]
[EventDate "2019.08.11"]
[EventType "swiss"]
[EventCountry "IND"]
[SourceTitle "playchess.com"]
[Source "ChessBase"]
[SourceQuality "1"]
[TimeControl "5400+30"]

1. e4 {[%emt 0:04:00]} a6 {[%emt 0:00:00]} 2. a4 {[%emt 0:00:48]} e5 {[%emt 0:00:39]} 3. d4 {[%emt 0:01:12]} exd4 {[%emt 0:00:05]} 4. Qxd4 {[%emt 0:00:05]} Nc6 {[%emt 0:00:03]} 5. Qe3 {[%emt 0:00:05]} Nf6 {[%emt 0:02:51]} 6. Nc3 {[%emt 0:00:15]} Bb4 {[%emt 0:00:06]} 7. Bd2 {[%emt 0:00:24]} O-O {[%emt 0:00:04]} 8. O-O-O {[%emt 0:02:48]} Re8 {[%emt 0:04:51]} 9. Qg3 {[%emt 0:00:08]} Nxe4 {[%emt 1:25:51]} 10. Nxe4 {[%emt 0:00:03]} Rxe4 {[%emt 0:00:00]} 11. c3 {[%emt 0:00:23]} Bf8 {[%emt 0:00:00]} 12. Bd3 {[%emt 0:02:03]} Rxa4 {[%emt 0:00:00]} 13. Nf3 {[%emt 0:00:38]} d5 {[%emt 0:00:00]} 14. Ng5 {[%emt 0:01:31]} g6 {[%emt 0:00:00]} 15. f4 {[%emt 0:01:46]} Ne7 {[%emt 0:00:00]} 16. Rhe1 {[%emt 0:11:05]} Bf5 {[%emt 0:00:00]} 17. Kb1 {[%emt 0:11:25]} c6 {[%emt 0:00:00]} 18. b3 {[%emt 0:04:44]} Ra5 {[%emt 0:00:00]} 19. c4 {[%emt 0:03:31]} Bg7 {[%emt 0:00:00]} 20. Bxa5 {[%emt 0:00:59]} Qxa5 {[%emt 0:00:00]} 21. Re5 {[%emt 0:01:46]} Bxe5 {[%emt 0:00:00]} 22. fxe5 {[%emt 0:00:02]} h6 {[%emt 0:00:00]} 23. Nh3 {[%emt 0:01:59]} dxc4 {[%emt 0:00:00]} 24. Bxf5 {[%emt 0:01:46]} Nxf5 {[%emt 0:00:00]} 25. Qf3 {[%emt 0:00:13]} cxb3 {[%emt 0:00:00]} 26. Qxb3 {[%emt 0:00:36]} Rd8 {[%emt 0:00:00]} 27. Rxd8+ {[%emt 0:01:04]} Qxd8 {[%emt 0:00:00]} 28. e6 {[%emt 0:00:09]} Qe7 {[%emt 0:00:00]} 0-1

[Event "Athens of East GM-Open 2019"]
[Site "Madurai"]
[Date "2019.08.16"]
[Round "8.18"]
[White "Hari Madhavan N B"]
[Black "Jayachandra Srinivas Vellanki"]
[Result "1-0"]
[WhiteElo "2231"]
[BlackElo "1963"]
[Annotator "TA"]
[PlyCount "77"]
[EventDate "2019.08.11"]
[EventType "swiss"]
[EventCountry "IND"]
[SourceTitle "playchess.com"]
[Source "ChessBase"]
[SourceQuality "1"]

{[%evp 19,77,25,28,18,49,60,68,47,52,16,29,22,25,23,36,0,0,0,0,-79,-62,-155,0,0,0,0,0,0,0,0,0,0,0,0,0,0,3,9,9,9,110,110,110,115,115,122,120,45,89,93,146,141,177,177,245,218,288,267,778,771]} 1. c4 Nf6 2. Nf3 g6 3. g3 Bg7 4. Bg2 O-O 5. O-O d6 6. b3 e5 7. Bb2 Nbd7 8. Nc3 a5 9. d4 exd4 10. Nxd4 Nc5 11. Qc2 {E60: King's Indian: Unusual lines and Fianchetto Variation without Nc3} Bd7 12. Rad1 Qc8 13. Rfe1 {White is slightly better.} Re8 14. a3 (14. e4 Bh3 15. Bh1 c6 16. Nde2 Qc7 17. Nf4 Bg4 18. f3 Be6 19. Nce2 Rad8 20. Bd4 {½-½ (46) Pechac,J (2442)-Antoniewski,R (2538) Slovakia 2017}) 14... h5 $146 ({Predecessor:} 14... Ng4 15. Nd5 Ne5 16. Nb5 Ne6 17. f4 Ng4 18. h3 Bxb5 19. cxb5 c6 20. Nb6 {½-½ (46) Najgebauer,S (2155)-Fecko,M Slovakia 2001}) 15. h4 Ng4 16. Nd5 Qd8 17. Nf4 c6 18. Bc3 Qb6 19. Qb1 (19. e3 $11) 19... Nxb3 $17 20. Nxg6 (20. Bh3 $15) 20... Ra6 $2 ({Black should play} 20... fxg6 $17 21. c5 dxc5 22. Nxb3 Bf5) 21. Nf4 $11 Bxd4 22. Bxd4 Nxd4 23. Qxb6 Nxe2+ $1 24. Rxe2 Rxb6 25. Rxe8+ Bxe8 26. Rxd6 Rb1+ 27. Bf1 f5 28. Rd8 Kf7 29. Ra8 Ke7 (29... c5 $1 $11 {remains equal.}) 30. Rxa5 $16 Bf7 {[#] White must now prevent ...Bxc4.} 31. Kg2 Rb2 32. Be2 Kf6 33. c5 ({Better is} 33. Ra4 $16) 33... Rc2 34. Ra7 Rxc5 (34... Bd5+ $142 35. Nxd5+ cxd5 36. Bxg4 hxg4) 35. Rxb7 Rc2 36. Rc7 c5 (36... Be8 $142 37. a4 Ra2) 37. a4 $18 {[%cal Ba3a4,Ba4a5][%mdl 32]} c4 38. a5 Ra2 $2 {[#]} (38... Ne5 39. a6 (39. Bxh5 Bxh5 40. Nxh5+ Ke6 $18) 39... Nd3) 39. Rxf7+ $1 {[%mdl 512] Accuracy: White = 57%, Black = 39%.} 1-0

[Event "Athens of East GM-Open 2019"]
[Site "Madurai"]
[Date "2019.08.16"]
[Round "8.19"]
[White "Mohamed Anees M"]
[Black "Patil, Pratik"]
[Result "0-1"]
[WhiteElo "1846"]
[BlackElo "2216"]
[Annotator "TA"]
[PlyCount "62"]
[EventDate "2019.08.11"]
[EventType "swiss"]
[EventCountry "IND"]
[SourceTitle "playchess.com"]
[Source "ChessBase"]
[SourceQuality "1"]

{[%evp 23,62,5,41,5,-12,-29,0,19,0,-51,-51,-44,-54,-195,-179,-201,-171,-254,-255,-260,-272,-262,-262,-245,-266,-1554,-1243,-7660,-7334,-6148,-6141,-5947,-5598,-12850,-5406,-29997,-29988,-29986,-29979,-29991,-29992]} 1. d4 Nf6 2. c4 g6 3. Nc3 d5 4. Nf3 Bg7 5. Qb3 dxc4 6. Qxc4 O-O 7. e4 Na6 8. Be2 c5 9. d5 e6 10. O-O exd5 11. exd5 Re8 12. Rd1 Bf5 13. Bf4 {D97: Grünfeld: Russian System: 7 e4, replies other than 7...Bg4} (13. d6 h6 14. Be3 Qb6 15. Qb3 Rad8 16. Bc4 Be6 17. Ne5 Bxc4 18. Nxc4 Qxb3 19. axb3 Rd7 20. Rxa6 bxa6 21. Bxc5 {1-0 (56) Volkov,S (2557)-Gledura,B (2626) Barcelona 2018}) 13... Ne4 {Threatens to win with ...Nxc3.} 14. Be3 Nxc3 15. bxc3 {The position is equal.} Bc2 16. Rdc1 $146 ({Better is} 16. d6 $11) ({Predecessor:} 16. d6 Bxd1 17. Rxd1 h6 18. Qb3 Qb6 19. Qd5 Rad8 20. Bc4 Rd7 {0-1 (66) Dvinskikh,L (2091)-Kharitonov,A (2211) Kirov 2014}) 16... Re4 $15 17. Qb5 Bxc3 {White must now prevent ...Rb4.} 18. Rxc2 ({White should try} 18. Qxb7 $15 Nb4 19. d6) 18... Bxa1 $19 19. Qxb7 Nb4 {[%mdl 64] Double Attack} 20. Rxc5 (20. Rc1 {was called for.} Rb8 21. Qxa7) 20... Rb8 21. Qxa7 Nxd5 {...Rb1+ is the strong threat.} 22. Rc1 Nxe3 23. fxe3 Bf6 24. Bc4 $2 {[#]} (24. Rd1 Qe8 25. Qd7) 24... Rxc4 $1 {[%mdl 576] Deflection} 25. Rxc4 Qd1+ 26. Kf2 Rb2+ 27. Kg3 {[#]} Qf1 $1 {[%mdl 512]} 28. Rc8+ Kg7 {( -> ...Be5+!)} 29. h4 Rxg2+ {Black mates.} 30. Kf4 h5 {[%csl Gh5][%cal Rg2g4]} 31. e4 Qe2 {Accuracy: White = 16%, Black = 89%.} 0-1

[Event "Athens of East GM-Open 2019"]
[Site "Madurai"]
[Date "2019.08.17"]
[Round "9.1"]
[White "Savchenko, Boris"]
[Black "Smirnov, Pavel"]
[Result "1-0"]
[WhiteElo "2576"]
[BlackElo "2574"]
[Annotator "TA"]
[PlyCount "91"]
[EventDate "2019.08.11"]
[EventType "swiss"]
[EventCountry "IND"]
[SourceTitle "playchess.com"]
[Source "ChessBase"]
[SourceQuality "1"]

{[%evp 9,127,17,2,0,9,14,5,6,0,-12,13,5,12,5,8,11,0,0,34,-13,35,13,18,-94,37,37,38,37,121,121,124,116,172,161,165,152,162,180,284,272,345,344,346,361,365,363,340,346,1237,1240,1230,1229,1182,1143,1115,1065,1870,1762,1754,1700,6854,6841,2881,1414,1220,1180,1176,633,29976,29979,29993,29981,29981,29982,29981,29966,29983,29984,29987,29988,29986,6311,29977,29978,29975,29977,29976,29976,29983,29976,29977,29977,29977,29978,29979,29980,29980,29975,29977,29964,29981,29981,29985,29976,29975,29976,29979,29980,29980,29981,29981,29982,29983,29981,29984,29985,29985,29986,29986,29987]} 1. e4 e5 2. Nc3 Nf6 3. g3 d5 4. exd5 c6 (4... Nxd5 5. Bg2 Nxc3 6. bxc3 Bc5 7. d3 O-O 8. Nf3 Nc6 9. O-O Bg4 10. h3 Bh5 11. g4 Bg6 12. Re1 e4 13. dxe4 Qxd1 14. Rxd1 Bxe4 15. Nd4 Bxg2 16. Kxg2 Rfd8 17. Be3 Ne5 18. Bf4 {½-½ (33) Mamedyarov,S (2801)-Giri,A (2782) chess.com INT 2018}) 5. dxc6 Nxc6 6. Bg2 {C26: Vienna Game: 2...Nf6, sidelines} Bg4 7. Nge2 Nd4 $146 {And now ...Rc8 would win.} ({Predecessor:} 7... Qd7 8. h3 Be6 9. d3 Bc5 10. Be3 Nd4 11. Ne4 Nxe4 12. dxe4 {1-0 (27) Schmaltz,R (2445)-Mueller,R (2370) Germany 1997}) 8. h3 {The position is equal.} Bf3 9. Kf1 Qd7 {Strongly threatening ...Bxg2+.} 10. Bxf3 Nxf3 11. Ng1 Nd4 12. Nf3 Qc6 13. Kg2 O-O-O 14. Re1 Bc5 (14... g5 $5 {[%cal Rh7h5]} 15. d3 g4 16. hxg4 Nxg4 $11) 15. Rxe5 Rhe8 $1 {[%cal Re8e5] aiming for ...Rxe5.} 16. Re3 (16. Rxc5 $1 $11 {was the only way to keep the balance.} Qxc5 17. Nxd4 Qxd4 18. d3) 16... Ne6 (16... h5 $17 17. d3 g5 18. Rxe8 Rxe8) 17. d3 $14 Bxe3 18. Bxe3 Nd4 ({Black should play} 18... Nc7 $14) 19. Bxd4 $16 Rxd4 {[#]} 20. Nb5 $1 $36 {[%cal Rb5a7][%mdl 2560] White is on the roll.} Ra4 (20... Qxb5 $16 21. Nxd4 Qxb2) 21. c4 $18 Ra6 22. b4 Nd7 {[#]} 23. d4 $1 Kd8 (23... Kb8 $142) 24. Qb3 Qg6 25. c5 Re2 26. Nd6 Qc2 27. Qxf7 {Threatening mate with Qg8+.} Rxf2+ 28. Kg1 {Qe8+ would kill now.} ({Don't do} 28. Kh1 Kc7 $18) 28... Kc7 $2 (28... Rxd6 29. cxd6 Rg2+ 30. Kh1 Re2 31. Qg8+ Re8 32. Qxg7 Qf5) 29. Nb5+ {[%cal Bd6b5,Bb5c7,Bc7a6][%mdl 32]} Kd8 30. Qg8+ Ke7 31. Re1+ Re2 32. Nc7 {[%cal Rc7d5]} Nf8 33. Qxg7+ Kd8 34. Nxa6 Ne6 35. Qf6+ Kc8 36. Rxe2 {[%mdl 64] Overworked Piece} Qxe2 37. Qf5 {Hoping for d5.} Kd8 38. Qe5 Qxa6 39. d5 Nf8 40. Qb8+ Ke7 41. d6+ Kf7 42. Ng5+ Kg7 43. Qc7+ Kg6 44. Qf7+ Kxg5 45. Qxf8 (45. h4+ $142 Kg4 46. Qf4+ Kh3 47. h5 Qc4 48. Qxc4 Kxg3 49. Qg8+ {[%mdl 64] Double Attack} Kf4 50. Qxf8+ Ke4 51. d7) 45... Qxa2 {[%mdl 4096] Endgame KQ-KQ} 46. Qf4+ {Played: Qf8-g7} 1-0

[Event "Athens of East GM-Open 2019"]
[Site "Madurai"]
[Date "2019.08.17"]
[Round "9.2"]
[White "Venkatesh, M.R."]
[Black "Triapishko, Alexandr"]
[Result "1-0"]
[WhiteElo "2480"]
[BlackElo "2515"]
[Annotator "ChessBase"]
[PlyCount "115"]
[EventDate "2019.08.11"]
[EventType "swiss"]
[EventCountry "IND"]
[SourceTitle "playchess.com"]
[Source "ChessBase"]
[SourceQuality "1"]
[TimeControl "5400+30"]

1. e4 {[%emt 0:01:29]} c6 {[%emt 0:02:38]} 2. Nc3 {[%emt 0:00:13]} d5 {[%emt 0:00:16]} 3. Nf3 {[%emt 0:00:16]} Bg4 {[%emt 0:05:54]} 4. h3 {[%emt 0:00:12]} Bxf3 {[%emt 0:02:20]} 5. Qxf3 {[%emt 0:00:07]} Nf6 {[%emt 0:07:21]} 6. Be2 {[%emt 0:05:59]} e6 {[%emt 0:15:32]} 7. O-O {[%emt 0:01:34]} Be7 8. d3 {[%emt 0:11:29]} O-O {[%emt 0:18:44]} 9. Qg3 {[%emt 0:06:16]} Kh8 {[%emt 0:05:26]} 10. e5 {[%emt 0:19:47]} Nfd7 {[%emt 0:04:10]} 11. f4 {[%emt 0:00:26]} c5 {[%emt 0:04:50]} 12. Bg4 {[%emt 0:04:39]} Nc6 {[%emt 0:01:47]} 13. Ne2 {[%emt 0:00:16]} b5 {[%emt 0:06:16]} 14. c3 {[%emt 0:06:40]} g6 {[%emt 0:02:41]} 15. Be3 {[%emt 0:02:05]} a5 {[%emt 0:04:53]} 16. Bf2 {[%emt 0:02:17]} c4 {[%emt 0:03:55]} 17. d4 {[%emt 0:02:21]} b4 {[%emt 0:04:03]} 18. h4 {[%emt 0:03:22]} a4 {[%emt 0:02:47]} 19. a3 {[%emt 0:01:45]} bxa3 {[%emt 0:00:11]} 20. bxa3 {[%emt 0:00:02]} Rg8 {[%emt 0:04:45]} 21. Qh3 {[%emt 0:05:33]} Nf8 {[%emt 0:01:01]} 22. h5 {[%emt 0:02:33]} Qd7 {[%emt 0:00:14]} 23. Rfb1 {[%emt 0:07:08]} Rb8 {[%emt 0:01:08]} 24. Rxb8 {[%emt 0:05:04]} Nxb8 {[%emt 0:00:01]} 25. Rb1 {[%emt 0:00:07]} Nc6 {[%emt 0:00:05]} 26. Rb6 {[%emt 0:04:31]} Nd8 {[%emt 0:01:21]} 27. Bh4 {[%emt 0:01:59]} Bxh4 {[%emt 0:00:22]} 28. Qxh4 {[%emt 0:00:02]} g5 {[%emt 0:00:07]} 29. Qf2 {[%emt 0:01:45]} Qc7 {[%emt 0:01:09]} 30. Ra6 {[%emt 0:01:42]} gxf4 {[%emt 0:00:29]} 31. Qh4 {[%emt 0:00:02]} f5 {[%emt 0:00:09]} 32. exf6 {[%emt 0:00:37]} Nf7 {[%emt 0:00:50]} 33. Bf3 {[%emt 0:02:12]} Ng5 {[%emt 0:00:26]} 34. Kf2 {[%emt 0:00:22]} Nd7 {[%emt 0:00:33]} 35. Nxf4 {[%emt 0:01:13]} Nxf6 {[%emt 0:00:30]} 36. Ng6+ {[%emt 0:01:10]} hxg6 {[%emt 0:00:22]} 37. hxg6+ {[%emt 0:00:22]} Kg7 {[%emt 0:00:19]} 38. Qxg5 {[%emt 0:00:06]} Rf8 {[%emt 0:00:50]} 39. Kg1 {[%emt 0:00:53]} Re8 {[%emt 0:00:31]} 40. Rxa4 {[%emt 0:00:15]} Rb8 {[%emt 0:00:32]} 41. Rb4 {[%emt 0:00:45]} Re8 {[%emt 0:00:28]} 42. Qe5 {[%emt 0:00:37]} Qxe5 {[%emt 0:00:29]} 43. dxe5 {[%emt 0:00:02]} Ng8 {[%emt 0:00:30]} 44. Rb6 {[%emt 0:00:08]} Kxg6 {[%emt 0:00:33]} 45. Bxd5 {[%emt 0:01:12]} Kf5 {[%emt 0:00:05]} 46. Bxc4 {[%emt 0:00:05]} Kxe5 {[%emt 0:00:09]} 47. a4 {[%emt 0:00:09]} Nf6 {[%emt 0:00:54]} 48. a5 {[%emt 0:01:29]} Rc8 {[%emt 0:00:33]} 49. Bxe6 {[%emt 0:00:38]} Rxc3 {[%emt 0:00:06]} 50. a6 {[%emt 0:00:30]} Ne4 {[%emt 0:00:36]} 51. Bg4 {[%emt 0:00:31]} Ra3 {[%emt 0:00:44]} 52. Kh2 {[%emt 0:00:29]} Nd2 {[%emt 0:00:52]} 53. Be2 {[%emt 0:00:23]} Ra2 {[%emt 0:00:18]} 54. Rb7 {[%emt 0:00:32]} Ne4 {[%emt 0:00:26]} 55. a7 {[%emt 0:00:26]} Nd6 {[%emt 0:00:44]} 56. Rc7 {[%emt 0:00:07]} Kf6 {[%emt 0:00:32]} 57. Rc6 {[%emt 0:00:27]} Ke7 {[%emt 0:00:30]} 58. Ba6 {[%emt 0:00:37]} 1-0

[Event "Athens of East GM-Open 2019"]
[Site "Madurai"]
[Date "2019.08.17"]
[Round "9.3"]
[White "Mosadeghpour, Masoud"]
[Black "Das, Sayantan"]
[Result "0-1"]
[WhiteElo "2494"]
[BlackElo "2409"]
[Annotator "ChessBase"]
[PlyCount "97"]
[EventDate "2019.08.11"]
[EventType "swiss"]
[EventCountry "IND"]
[SourceTitle "playchess.com"]
[Source "ChessBase"]
[SourceQuality "1"]
[TimeControl "5400+30"]

1. e4 {[%emt 0:04:51]} c5 {[%emt 0:00:00]} 2. Nf3 {[%emt 0:00:13]} e6 {[%emt 0:00:00]} 3. d4 {[%emt 0:00:04]} cxd4 {[%emt 0:00:03]} 4. Nxd4 {[%emt 0:00:04]} Nc6 {[%emt 0:00:04]} 5. Nc3 {[%emt 0:00:15]} Qc7 {[%emt 0:00:16]} 6. Be3 {[%emt 0:00:12]} a6 {[%emt 0:00:10]} 7. f4 {[%emt 0:00:19]} b5 {[%emt 0:01:57]} 8. Nb3 {[%emt 0:00:14]} Bb7 {[%emt 0:05:24]} 9. Bd3 {[%emt 0:00:19]} d6 {[%emt 0:05:45]} 10. O-O {[%emt 0:00:08]} Nf6 {[%emt 0:00:47]} 11. a3 {[%emt 0:00:48]} Be7 {[%emt 0:00:16]} 12. Qf3 {[%emt 0:00:39]} Rc8 {[%emt 0:05:36]} 13. Qg3 {[%emt 0:12:17]} h5 {[%emt 0:09:41]} 14. h3 {[%emt 0:02:32]} h4 {[%emt 0:03:33]} 15. Qf2 {[%emt 0:02:49]} Nh5 {[%emt 0:19:09]} 16. a4 {[%emt 0:25:19]} b4 {[%emt 0:03:06]} 17. Ne2 {[%emt 0:06:23]} O-O {[%emt 0:08:23]} 18. a5 {[%emt 0:06:36]} Qb8 {[%emt 0:03:08]} 19. Nd2 {[%emt 0:05:40]} Nf6 {[%emt 0:10:26]} 20. Nf3 {[%emt 0:11:39]} d5 {[%emt 0:05:48]} 21. e5 {[%emt 0:01:36]} Ne4 {[%emt 0:00:08]} 22. Qe1 {[%emt 0:00:25]} Bd8 {[%emt 0:07:24]} 23. Bb6 {[%emt 0:01:46]} Be7 {[%emt 0:04:57]} 24. Nxh4 {[%emt 0:06:10]} g6 {[%emt 0:00:40]} 25. Nf3 {[%emt 0:00:54]} Qa8 {[%emt 0:00:36]} 26. Bxe4 {[%emt 0:03:58]} dxe4 {[%emt 0:00:06]} 27. Ng5 {[%emt 0:00:49]} Bxg5 {[%emt 0:04:17]} 28. fxg5 {[%emt 0:00:02]} e3 {[%emt 0:00:34]} 29. Qg3 {[%emt 0:04:21]} Ne7 {[%emt 0:00:31]} 30. Nd4 {[%emt 0:00:21]} Nd5 {[%emt 0:01:12]} 31. Rf6 {[%emt 0:00:50]} Rc4 {[%emt 0:00:31]} 32. b3 {[%emt 0:01:16]} Rc3 {[%emt 0:00:19]} 33. Qg4 {[%emt 0:00:44]} Qc8 {[%emt 0:00:46]} 34. Raf1 {[%emt 0:00:39]} Rxc2 {[%emt 0:00:42]} 35. Nxc2 {[%emt 0:00:26]} Qxc2 {[%emt 0:00:02]} 36. R6f3 {[%emt 0:01:24]} Qd2 {[%emt 0:01:05]} 37. Qd4 {[%emt 0:00:55]} Qc2 {[%emt 0:00:30]} 38. Bc5 {[%emt 0:00:26]} Rc8 {[%emt 0:00:13]} 39. Bd6 {[%emt 0:00:31]} Qa2 {[%emt 0:00:37]} 40. Qg4 {[%emt 0:00:29]} e2 {[%emt 0:00:23]} 41. Re1 {[%emt 0:00:35]} Qd2 {[%emt 0:00:16]} 42. Kf2 {[%emt 0:00:11]} Nc3 {[%emt 0:00:32]} 43. Rxc3 {[%emt 0:00:26]} bxc3 {[%emt 0:00:17]} 44. Rxe2 {[%emt 0:00:40]} Qd1 {[%emt 0:00:37]} 45. Re1 {[%emt 0:00:33]} Qd2+ {[%emt 0:00:16]} 46. Re2 {[%emt 0:00:09]} Qd1 {[%emt 0:01:08]} 47. Re1 {[%emt 0:00:13]} Qxb3 {[%emt 0:00:08]} 48. Kg1 {[%emt 0:01:18]} c2 {[%emt 0:01:41]} 49. Rf1 0-1

[Event "Athens of East GM-Open 2019"]
[Site "Madurai"]
[Date "2019.08.17"]
[Round "9.4"]
[White "Gupta, Abhijeet"]
[Black "Vasquez Schroeder, Rodrigo"]
[Result "1-0"]
[WhiteElo "2603"]
[BlackElo "2496"]
[Annotator "TA"]
[PlyCount "65"]
[EventDate "2019.08.11"]
[EventType "swiss"]
[EventCountry "IND"]
[SourceTitle "playchess.com"]
[Source "ChessBase"]
[SourceQuality "1"]

{[%evp 23,65,52,51,38,35,18,29,24,53,54,63,41,54,54,74,12,64,0,0,-46,-60,-59,-60,-62,-61,-73,-61,-81,-30,-34,-26,-69,0,-120,0,0,0,0,367,359,811,797,769,751]} 1. d4 Nf6 2. c4 e6 3. Nf3 c5 4. d5 d6 5. Nc3 exd5 6. cxd5 g6 7. Nd2 Nbd7 8. e4 Bg7 9. Be2 O-O 10. O-O Re8 11. a4 a6 12. Re1 Rb8 13. Ra3 $146 {A77: Modern Benoni: Classical: 9...Re8 10 Nd2: 10...a6 and 10...Nbd7} (13. h3 Qc7 14. Qc2 h6 15. Ra3 g5 16. Nf1 Ne5 17. f4 gxf4 18. Bxf4 Ng6 19. Bh2 c4 20. a5 b5 21. axb6 Qxb6+ {0-1 (39) Navara,D (2734)-Akopian,V (2648) Berlin 2015}) 13... Ne5 14. h3 g5 15. Nf1 {White has an edge.} h6 16. Qc2 Ng6 17. Ng3 Nf4 18. a5 Bd7 19. Nd1 (19. Bd2 $16) 19... Qe7 (19... h5 $11) 20. Re3 ({White should try} 20. Bd2 $1 $14) 20... h5 $11 21. h4 gxh4 22. Nf5 Bxf5 23. exf5 Nxe2+ 24. R3xe2 Qd7 25. Ne3 Re4 (25... Re5 $17 26. Nc4 Rxe2 27. Rxe2 Re8 28. Rxe8+ Qxe8) 26. Bd2 Rbe8 {aiming for ...Qb5.} 27. Bc3 Qb5 (27... Kf8 $15) 28. Qd1 (28. f3 $11 R4e7 29. Qd1) 28... Ng4 ({Black should play} 28... Nh7 $1 $17 29. f3 Rf4) 29. Bxg7 Kxg7 30. f6+ $1 Kg8 $2 {[%mdl 8192] [#]} (30... Kf8 $11 {and Black stays safe.}) 31. Qc1 $1 $18 {White threatens Nxg4! and mate.} Qd7 $2 ({Don't blunder} 31... Nxf6 $2 {[#]} 32. Nf5 $1 $18 {[%mdl 512]}) (31... Rxe3 32. Rxe3 Rxe3 33. Rxe3 Nxf6) 32. f3 $1 {[%csl LRe4,LRg4] And now Nxg4 would win.} Rxe3 33. fxg4 {Accuracy: White = 59%, Black = 33%.} 1-0